The cardinality of closed sets in pre-complete classes in k-valued logics

Elmentve itt :
Bibliográfiai részletek
Szerzők: Demetrovics János
Hannák László
Dokumentumtípus: Cikk
Megjelent: 1979
Sorozat:Acta cybernetica 4 No. 3
Kulcsszavak:Számítástechnika, Kibernetika
Tárgyszavak:
Online Access:http://acta.bibl.u-szeged.hu/12288
LEADER 00791nab a2200217 i 4500
001 acta12288
005 20220608151920.0
008 161015s1979 hu o 0|| eng d
022 |a 0324-721X 
040 |a SZTE Egyetemi Kiadványok Repozitórium  |b hun 
041 |a eng 
100 1 |a Demetrovics János 
245 1 4 |a The cardinality of closed sets in pre-complete classes in k-valued logics  |h [elektronikus dokumentum] /  |c  Demetrovics János 
260 |c 1979 
300 |a 273-277 
490 0 |a Acta cybernetica  |v 4 No. 3 
650 4 |a Természettudományok 
650 4 |a Számítás- és információtudomány 
695 |a Számítástechnika, Kibernetika 
700 0 1 |a Hannák László  |e aut 
856 4 0 |u http://acta.bibl.u-szeged.hu/12288/1/cybernetica_004_fasc_003_273-277.pdf  |z Dokumentum-elérés